[Event "Bretagne-ch U16"]
[Site "Sarzeau"]
[Date "2006.02.22"]
[Round "3"]
[White "Aloe, Kevin"]
[Black "Migot, Tangi"]
[Result "0-1"]
[WhiteElo "1560"]
[BlackElo "1997"]
[PlyCount "62"]
[EventDate "2006.02.21"]
[EventType "swiss"]
[EventRounds "6"]
[EventCountry "FRA"]
[SourceTitle "EXT 2007"]
[Source "ChessBase"]
[SourceDate "2006.11.23"]
[SourceVersion "1"]
[SourceVersionDate "2006.11.23"]
[SourceQuality "1"]

1. e4 c5 2. Nf3 Nc6 3. c3 d5 4. exd5 Qxd5 5. d4 Bg4 6. c4 Qe4+ 7. Be2 Bxf3 8. gxf3 Qxd4 9. Nc3 Qxd1+ 10. Bxd1 0-0-0 11. Ba4 Nd4 12. f4 e6 13. Be3 Ne7 14. 0-0-0 Nef5 15. Rhg1 g6 16. Rg5 Bh6 17. Rg4 b5 18. Bxd4 Rxd4 19. Nxb5 Rxc4+ 20. Bc2 a6 21. b3 Rxf4 22. Bxf5 Rxf5+ 23. Kb2 Rxf2+ 24. Kc3 axb5 25. b4 Bg7+ 26. Kb3 c4+ 27. Rxc4+ bxc4+ 28. Ka4 Kc7 29. b5 Bf8 30. a3 Bc5 31. h4 Ra8# 0-1